Wall Street (Record no. 15768)
[ view plain ]
| 000 -LEADER | |
|---|---|
| fixed length control field | 01934ngm a2200421 4500 |
| 003 - CONTROL NUMBER IDENTIFIER | |
| control field | dpl |
| 005 - DATE AND TIME OF LATEST TRANSACTION | |
| control field | 20080723110517.0 |
| 007 - PHYSICAL DESCRIPTION FIXED FIELD--GENERAL INFORMATION | |
| fixed length control field | DVD |
| 008 - FIXED-LENGTH DATA ELEMENTS--GENERAL INFORMATION | |
| fixed length control field | ||||||sp199 xxu|||||c|||| 00| 0 eng d |
| 010 ## - LIBRARY OF CONGRESS CONTROL NUMBER | |
| LC control number | DVD-000628-630 |
| 024 ## - OTHER STANDARD IDENTIFIER | |
| Standard number or code | 01653 |
| Terms of availability | 499.00 |
| 035 ## - SYSTEM CONTROL NUMBER | |
| System control number | DVD-000628-630 |
| 040 ## - CATALOGING SOURCE | |
| Original cataloging agency | DPL |
| Transcribing agency | DPL |
| 082 ## - DEWEY DECIMAL CLASSIFICATION NUMBER | |
| Classification number | DVD / WALL |
| 245 ## - TITLE STATEMENT | |
| Title | Wall Street |
| Statement of responsibility, etc | 20th Century Fox Presents |
| Medium | [videorecording] DVD/ |
| 246 ## - VARYING FORM OF TITLE | |
| Title proper/short title | . |
| 250 ## - EDITION STATEMENT | |
| Edition statement | Special Edition |
| 260 ## - PUBLICATION, DISTRIBUTION, ETC. (IMPRINT) | |
| Name of publisher, distributor, etc | 20th Century Fox Homeentertainment |
| 300 ## - PHYSICAL DESCRIPTION | |
| Extent | 1 videodisc DVD; (126 min.) : |
| Other physical details | sd., col. ; |
| Dimensions | 4 3/4 in. |
| Type of unit | DVD |
| 440 ## - SERIES STATEMENT/ADDED ENTRY--TITLE | |
| Title | 20th Centyry Fox Home Entertainment |
| 500 ## - GENERAL NOTE | |
| General note | Sole Distributor in India M/s. Excel Productions Autio Visuals Pvt. Ltd. |
| 500 ## - GENERAL NOTE | |
| General note | Sensationally Entertaining a Suave, Knowing Picture |
| 500 ## - GENERAL NOTE | |
| General note | Special Feature: Director's Commentary, Documentary, Trailers |
| 538 ## - SYSTEM DETAILS NOTE | |
| System details note | Dolby Digital 5.1-EnglishSubtitles: English,Koren,Mandarin, Thai |
| 538 ## - SYSTEM DETAILS NOTE | |
| System details note | Aspect Ratio: 1.85:1, Presentation type: Wide Screne, Presentation Size 16x9, Format DVD 9 Dual Layer Single Sided Disc. |
| 650 ## - SUBJECT ADDED ENTRY--TOPICAL TERM | |
| Topical term or geographic name as entry element | Motion Picture |
| 700 ## - ADDED ENTRY--PERSONAL NAME | |
| Personal name | Douglas, Michael |
| 700 ## - ADDED ENTRY--PERSONAL NAME | |
| Personal name | Sheen, Charlie |
| 700 ## - ADDED ENTRY--PERSONAL NAME | |
| Personal name | Hannah, Daryal |
| 700 ## - ADDED ENTRY--PERSONAL NAME | |
| Personal name | Stone, Oliver |
| 700 ## - ADDED ENTRY--PERSONAL NAME | |
| Personal name | Sheen, Martin |
| 700 ## - ADDED ENTRY--PERSONAL NAME | |
| Personal name | Holbrook, Hal |
| 942 ## - ADDED ENTRY ELEMENTS (KOHA) | |
| Koha item type | CD-ROMs, DVDs, VHS |
| Source of classification or shelving scheme | Dewey Decimal Classification |
| Classification part | DVD |
| Call number suffix | WALL |
| Withdrawn status | Lost status | Source of classification or shelving scheme | Damaged status | Not for loan | Home library | Current library | Date acquired | Source of acquisition | Cost, normal purchase price | Total Checkouts | Full call number | Barcode | Date last seen | Date checked out | Copy number | Cost, replacement price | Price effective from | Koha item type | Total Renewals |
|---|---|---|---|---|---|---|---|---|---|---|---|---|---|---|---|---|---|---|---|
| Dewey Decimal Classification | Central Library | Central Library | 26/09/2008 | Purchase | 499.00 | 24 | DVD WALL | DVD-000628 | 30/08/2013 | 03/08/2013 | 1 | 499.00 | 26/09/2008 | CD-ROMs, DVDs, VHS | |||||
| Dewey Decimal Classification | Patel Nagar | Patel Nagar | 26/09/2008 | Purchase | 499.00 | 18 | DVD WALL | DVD-000630 | 28/12/2015 | 10/02/2015 | 1 | 499.00 | 26/09/2008 | CD-ROMs, DVDs, VHS | |||||
| Dewey Decimal Classification | Sarojini Nagar | Sarojini Nagar | 26/09/2008 | Puchase | 499.00 | 45 | DVD WALL | DVD-000629 | 02/03/2016 | 17/02/2016 | 1 | 499.00 | 26/09/2008 | CD-ROMs, DVDs, VHS | 1 |
